|
|
|
|
| LEADER |
01925nam a2200481 a 4500 |
| 001 |
nkc20071729887 |
| 003 |
CZ PrNK |
| 005 |
20071108084617.0 |
| 007 |
ta |
| 008 |
070731s2007 xr ab e 000 0 cze |
| 015 |
|
|
|a cnb001729887
|
| 020 |
|
|
|a 978-80-7234-866-4
|q (váz.)
|
| 035 |
|
|
|a (OCoLC)190408935
|
| 040 |
|
|
|a OLA001
|b cze
|d BOA001
|
| 041 |
1 |
|
|a cze
|h ger
|
| 072 |
|
7 |
|a 72
|x Architektura
|2 Konspekt
|9 21
|
| 080 |
|
|
|a 911.375
|2 MRF
|
| 080 |
|
|
|a 72:904
|2 MRF
|
| 080 |
|
|
|a (100)
|2 MRF
|
| 080 |
|
|
|a (084.12)
|2 MRF
|
| 100 |
1 |
|
|a Maass, Winfried,
|d 1928-
|7 jn20010309669
|4 aut
|
| 245 |
1 |
0 |
|a 100 nejkrásnějších měst světa :
|b největší poklady lidstva na pěti kontinentech /
|c [Winfried Maas (i.e. Maass), Anne Benthues, Hans-Joachim (i.e. Hanns-Joachim) Neubert ; z německého originálu ... přeložily Helena Pokorná, Irena Šifaldová a Dagmar Vodičková]
|
| 246 |
3 |
|
|a Sto nejkrásnějších měst světa
|
| 250 |
|
|
|a 3. vyd.
|
| 260 |
|
|
|a Čestlice :
|b Rebo,
|c 2007
|
| 300 |
|
|
|a 208 s. :
|b barev. il., mapy ;
|c 35 cm
|
| 650 |
0 |
7 |
|a města
|7 ph115399
|z země světa
|2 czenas
|
| 650 |
0 |
7 |
|a architektonické památky
|7 ph118585
|z země světa
|2 czenas
|
| 650 |
0 |
9 |
|a cities and towns
|z countries of the world
|2 eczenas
|
| 650 |
0 |
9 |
|a architectural monuments
|z countries of the world
|2 eczenas
|
| 655 |
|
7 |
|a fotografické publikace
|7 fd132276
|2 czenas
|
| 655 |
|
9 |
|a photographical works
|2 eczenas
|
| 700 |
1 |
|
|a Benthues, Anne
|7 xx0015747
|4 aut
|
| 700 |
1 |
|
|a Neubert, Hanns-Joachim
|7 pna2004259179
|4 aut
|
| 700 |
1 |
|
|a Pokorná, Helena
|7 xx0028248
|4 trl
|
| 700 |
1 |
|
|a Šifaldová, Irena
|7 xx0036178
|4 trl
|
| 700 |
1 |
|
|a Vodičková, Dagmar
|7 mzk2007411193
|4 trl
|
| 765 |
0 |
|
|t 100 schönsten Städte der Welt
|9 Česky
|
| 910 |
2 |
|
|a BOA001
|b 5-1191.720
|
| 990 |
|
|
|a BK
|
| 995 |
|
|
|a 01
|
| 991 |
|
|
|b 200709
|c NOV
|
| 996 |
6 |
|
|b 2610319557
|c 5-1191.720
|l MZK
|r Sklad / do 24 hodin
|n 0
|p p.v.
|w 000864950
|u 000010
|a 1
|e BOA001
|j MZK50
|s P
|